000 00388nam a22001337a 4500
020 _a9781782431534
040 _cNUST
082 _a714.2 GOR
100 _aBjezancevic, Ana
_9111068
245 _aThe Gorgeous Colouring Book for Grown-UPS Discover Your Inner Creative
260 _aLondon:
_bMichael O'Mara Books Limited,
_c2013.
650 _aColouring Book
_9111070
942 _2ddc
_cBK
999 _c594072
_d594072